Statystyki dla Kraje Najbliżej Polski - 30 Sekund Sprint

Kliknij tutaj aby rozwiązać quiz!

Ogólne statystyki

  • Ten quiz został rozwiązany 610 razy
  • Średni wynik to 11 z 20

Statystyki odpowiedzi

kmkraj% Poprawnych
0Niemcy
95%
0Czechy
91%
0Litwa
90%
0Słowacja
88%
0Rosja
87%
0Ukraina
86%
0Białoruś
79%
190Łotwa
77%
396Estonia
62%
76Węgry
55%
143Austria
45%
94Dania
41%
154Szwecja
37%
345Słowenia
30%
101Rumunia
27%
464Holandia
18%
287Mołdawia
18%
454Włochy
17%
370Chorwacja
14%
334Serbia
13%

Rozkład punktacji

Percentyl według liczby udzielonych odpowiedzi

Procent ludzi z każdym wynikiem

Twoja historia wyników

Nie rozwiązałeś tego quizu